| 000 | 01288nam2a2200337 4500 | ||
|---|---|---|---|
| 001 | RU\NLR\bibl\171852 | ||
| 005 | 20250618060553.0 | ||
| 010 | _a5-275-00150-9 | ||
| 021 |
_aRU _b2001-17846 _9828 |
||
| 035 | _a(NLR Aleph) 000168628 | ||
| 090 |
_a971305 _c971305 |
||
| 100 | _a20010716d2001 |||y0rusy50 ca | ||
| 101 | 1 |
_arus _cger |
|
| 102 | _aRU | ||
| 105 | _ay ||||||||| | ||
| 200 | 1 |
_aЧерез пустыню _eРоман _f[Пер. с нем. Н. Непомнящего] |
|
| 210 |
_d2001 _aБ. м. |
||
| 215 | _a381, [2] с. | ||
| 461 | 0 |
_1001RU\NLR\bibl\177941 _12001#$aСобрание сочинений$vТ. 2 _91007089 _aМай, К. (1842-1912) _cМ. _d2001 _fКарл Май _nТЕРРА - Кн. клуб _oВ 12 т. : [Пер. с нем.] : Вступ. ст. М. Курушина] _tСобрание сочинений _y5-275-00148-7 _vТ. 2 |
|
| 610 | 0 | _aПриключенческие романы и рассказы (х. л.) | |
| 675 |
_a821.112.2Май2+821.112.2-31Май _v3 _zrus |
||
| 686 |
_a17.82 _2rugasnti |
||
| 686 |
_a84(4Гем)-44 _2rubbk |
||
| 686 | _aШ6(4Г)57я44 | ||
| 801 | 0 |
_aRU _bRKP _c20010716 _gPSBO |
|
| 801 | 1 |
_aRU _bRKP _c20010716 |
|
| 801 | 2 |
_aRU _bNLR _c20010903 _grcr |
|
| 942 | _cBOOK | ||
| 980 | _aNB | ||